000 01270nam a2200265Ia 4500
003 OSt
005 20210510111330.0
008 210310s2006 ck ab gr 000 0 spa d
020 _a9587016645
040 _aCO-JMCR
_cCO-JMCR
041 0 _aspa
082 0 4 _a337.11861 /
_bA346r
_223
110 2 _aAlcaldía Mayor de Bogotá.
_bDepartamento Administrativo de Planeación Distrital
_937496
245 1 0 _aRegión central de Colombia :
_bmemorias y algunas reflexiones sobre el proceso de integración. : Boyacá, Cundinamarca, Meta, Tolima, Tunja, Villavicencio, Ibagué, Bogotá /
_cAlcaldía Mayor de Bogotá
260 _aBogotá :
_bAlcaldía Mayor de Bogotá,
_c2006
300 _a123 páginas :
_bilustraciones y mapas a color ;
_c28 cm.
490 0 _aIntegración regional ;
_v4
505 0 _aMarco conceptual -- Instancias involucradas y actividades -- Avances del proceso de integración -- Expectativas del proceso de integración -- Reflexiones en torno al proceso
650 1 4 _aIntegración regional
_914733
_zColombia
650 2 4 _aIntegración económica
_zColombia
_936903
650 2 4 _aDesarrollo económico
_zColombia
_96913
651 4 _aColombia
_xCondiciones económicas
_97526
651 4 _aColombia
_xCondiciones sociales
_99846
942 _2ddc
_cBK
999 _c7542
_d7542